<?xml version="1.0" encoding="UTF-8"?>
<record
    xmlns:xsi="http://www.w3.org/2001/XMLSchema-instance"
    xsi:schemaLocation="http://www.loc.gov/MARC21/slim http://www.loc.gov/standards/marcxml/schema/MARC21slim.xsd"
    xmlns="http://www.loc.gov/MARC21/slim">

  <leader>01580nam0a22003491  4500</leader>
  <controlfield tag="001">v19\rc\1673952</controlfield>
  <controlfield tag="005">20250619014356.0</controlfield>
  <datafield tag="035" ind1=" " ind2=" ">
    <subfield code="a">(NLR Aleph) 004780975</subfield>
  </datafield>
  <datafield tag="090" ind1=" " ind2=" ">
    <subfield code="a">4674404</subfield>
    <subfield code="c">4674404</subfield>
  </datafield>
  <datafield tag="100" ind1=" " ind2=" ">
    <subfield code="a">20061002d1894    |||y0rusy50      ca</subfield>
  </datafield>
  <datafield tag="101" ind1="1" ind2=" ">
    <subfield code="a">rus</subfield>
    <subfield code="c">ger</subfield>
  </datafield>
  <datafield tag="102" ind1=" " ind2=" ">
    <subfield code="a">RU</subfield>
  </datafield>
  <datafield tag="105" ind1=" " ind2=" ">
    <subfield code="a">y   z   |||||</subfield>
  </datafield>
  <datafield tag="200" ind1="1" ind2=" ">
    <subfield code="a">&#x420;&#x443;&#x434;&#x43E;&#x43A;&#x43E;&#x43F;&#x44B;</subfield>
    <subfield code="d">(Obersteiger)</subfield>
    <subfield code="e">&#x41E;&#x43F;&#x435;&#x440;&#x435;&#x442;&#x43A;&#x430; &#x432; 3 &#x430;&#x43A;&#x442;&#x430;&#x445;</subfield>
    <subfield code="f">[&#x421;&#x43E;&#x447;.] &#x41C;. &#x412;&#x435;&#x441;&#x442;&#x430; &#x438; &#x41B;. &#x413;&#x435;&#x43B;&#x44C;&#x434;&#x430;</subfield>
    <subfield code="g">&#x41C;&#x443;&#x437;. &#x41A;&#x430;&#x440;&#x43B;&#x430; &#x426;&#x435;&#x43B;&#x43B;&#x435;&#x440;&#x430;, (&#x43A;&#x43E;&#x43C;&#x43F;. "&#x41F;&#x440;&#x43E;&#x434;&#x430;&#x432;&#x446;&#x430; &#x43F;&#x442;&#x438;&#x446;" &#x438; "&#x411;&#x440;&#x43E;&#x434;&#x44F;&#x433;")</subfield>
    <subfield code="g">&#x41F;&#x435;&#x440;. &#x441; &#x43D;&#x435;&#x43C;. &#x41D;.&#x41D;. &#x41A;&#x438;&#x441;&#x435;&#x43B;&#x435;&#x432;&#x438;&#x447;&#x430; &#x438; &#x413;.&#x415;. &#x424;&#x440;&#x438;&#x434;&#x435;&#x440;&#x438;&#x445;&#x441;&#x430;</subfield>
    <subfield code="z">ger</subfield>
  </datafield>
  <datafield tag="210" ind1=" " ind2=" ">
    <subfield code="a">&#x41C;&#x43E;&#x441;&#x43A;&#x432;&#x430;</subfield>
    <subfield code="c">&#x43B;&#x438;&#x442;. &#x41C;&#x43E;&#x441;&#x43A;. &#x442;&#x435;&#x430;&#x442;&#x440;. &#x431;-&#x43A;&#x438; &#x421;.&#x424;. &#x420;&#x430;&#x441;&#x441;&#x43E;&#x445;&#x438;&#x43D;&#x430;</subfield>
    <subfield code="d">&#x446;&#x435;&#x43D;&#x437;. 1894</subfield>
  </datafield>
  <datafield tag="215" ind1=" " ind2=" ">
    <subfield code="a">111 &#x441;.</subfield>
    <subfield code="d">22</subfield>
  </datafield>
  <datafield tag="300" ind1=" " ind2=" ">
    <subfield code="a">&#x41F;&#x435;&#x440;. &#x442;&#x430;&#x43A;&#x436;&#x435; &#x43F;&#x43E;&#x434; &#x437;&#x430;&#x433;&#x43B;.: "&#x41C;&#x430;&#x440;&#x442;&#x438;&#x43D; &#x440;&#x443;&#x434;&#x43E;&#x43A;&#x43E;&#x43F;"</subfield>
  </datafield>
  <datafield tag="309" ind1=" " ind2=" ">
    <subfield code="a">&#x41D;&#x430;&#x43F;&#x438;&#x441;&#x430;&#x43D;&#x43E; &#x43E;&#x442; &#x440;&#x443;&#x43A;&#x438;. &#x41B;&#x438;&#x442;&#x43E;&#x433;&#x440;.</subfield>
  </datafield>
  <datafield tag="451" ind1=" " ind2="0">
    <subfield code="1">2001#$a&#x41C;&#x430;&#x440;&#x442;&#x438;&#x43D; &#x440;&#x443;&#x434;&#x43E;&#x43A;&#x43E;&#x43F;</subfield>
    <subfield code="t">&#x41C;&#x430;&#x440;&#x442;&#x438;&#x43D; &#x440;&#x443;&#x434;&#x43E;&#x43A;&#x43E;&#x43F;</subfield>
  </datafield>
  <datafield tag="510" ind1="0" ind2=" ">
    <subfield code="a">(Obersteiger)</subfield>
    <subfield code="z">ger</subfield>
  </datafield>
  <datafield tag="700" ind1=" " ind2="1">
    <subfield code="a">&#x412;&#x435;&#x441;&#x442;</subfield>
    <subfield code="b">&#x41C;.</subfield>
    <subfield code="g">&#x41C;&#x43E;&#x440;&#x438;&#x446;</subfield>
  </datafield>
  <datafield tag="701" ind1=" " ind2="1">
    <subfield code="a">&#x413;&#x435;&#x43B;&#x44C;&#x434;</subfield>
    <subfield code="b">&#x41B;.</subfield>
    <subfield code="g">&#x41B;&#x44E;&#x434;&#x432;&#x438;&#x433;</subfield>
  </datafield>
  <datafield tag="702" ind1=" " ind2="1">
    <subfield code="4">230</subfield>
    <subfield code="7">ca</subfield>
    <subfield code="8">rus</subfield>
    <subfield code="a">&#x426;&#x435;&#x43B;&#x43B;&#x435;&#x440;</subfield>
    <subfield code="b">&#x41A;.</subfield>
    <subfield code="c">&#x43A;&#x43E;&#x43C;&#x43F;&#x43E;&#x437;&#x438;&#x442;&#x43E;&#x440;</subfield>
    <subfield code="f">1842-1898</subfield>
    <subfield code="g">&#x41A;&#x430;&#x440;&#x43B;</subfield>
    <subfield code="9">205788</subfield>
    <subfield code="3">RU\NLR\AUTH\770205840</subfield>
  </datafield>
  <datafield tag="702" ind1=" " ind2="1">
    <subfield code="a">&#x41A;&#x438;&#x441;&#x435;&#x43B;&#x435;&#x432;&#x438;&#x447;</subfield>
    <subfield code="b">&#x41D;.&#x41D;.</subfield>
    <subfield code="g">&#x41D;&#x438;&#x43A;&#x43E;&#x43B;&#x430;&#x439; &#x41D;&#x438;&#x43A;&#x43E;&#x43B;&#x430;&#x435;&#x432;&#x438;&#x447;</subfield>
    <subfield code="4">730</subfield>
  </datafield>
  <datafield tag="702" ind1=" " ind2="1">
    <subfield code="a">&#x424;&#x440;&#x438;&#x434;&#x435;&#x440;&#x438;&#x445;&#x441;</subfield>
    <subfield code="b">&#x413;.&#x415;.</subfield>
    <subfield code="g">&#x413;&#x435;&#x43E;&#x440;&#x433;&#x438;&#x439; &#x415;&#x432;&#x441;&#x442;&#x430;&#x444;&#x44C;&#x435;&#x432;&#x438;&#x447;</subfield>
    <subfield code="4">730</subfield>
  </datafield>
  <datafield tag="801" ind1=" " ind2="0">
    <subfield code="a">RU</subfield>
    <subfield code="b">NLR</subfield>
    <subfield code="g">psbo</subfield>
  </datafield>
  <datafield tag="801" ind1=" " ind2="0">
    <subfield code="a">RU</subfield>
    <subfield code="b">RuMoRGB</subfield>
    <subfield code="2">psbo</subfield>
  </datafield>
  <datafield tag="801" ind1=" " ind2="1">
    <subfield code="a">RU</subfield>
    <subfield code="b">ProSoft-M</subfield>
    <subfield code="2">rusmarc</subfield>
  </datafield>
  <datafield tag="852" ind1=" " ind2=" ">
    <subfield code="a">NLR</subfield>
    <subfield code="j">18.180.2.90</subfield>
  </datafield>
  <datafield tag="899" ind1=" " ind2=" ">
    <subfield code="a">RuMoRGB</subfield>
    <subfield code="j">A 223/550</subfield>
  </datafield>
  <datafield tag="942" ind1=" " ind2=" ">
    <subfield code="c">BOOK</subfield>
  </datafield>
  <datafield tag="980" ind1=" " ind2=" ">
    <subfield code="a">NB</subfield>
  </datafield>
  <datafield tag="995" ind1=" " ind2=" ">
    <subfield code="5">2013-10-26</subfield>
    <subfield code="b">NLR02</subfield>
    <subfield code="c">NLR02</subfield>
    <subfield code="e">RFS</subfield>
    <subfield code="f">4780975-10</subfield>
    <subfield code="k">18.180.2.90</subfield>
    <subfield code="o">0</subfield>
    <subfield code="r">BOOK</subfield>
    <subfield code="s">18180290_</subfield>
  </datafield>
</record>
